[Event "EU-ch Rapid"]
[Site "Zagreb"]
[Date "2023.12.14"]
[Round "5"]
[White "Navara, David"]
[Black "Langheinrich, Ferenc"]
[Result "1-0"]
[WhiteElo "2679"]
[BlackElo "2352"]
[PlyCount "57"]
[EventDate "2023.12.14"]
[EventType "swiss (rapid)"]
[EventRounds "11"]
[EventCountry "CRO"]
[SourceTitle "CB51_2023"]
[SourceDate "2023.12.20"]
[SourceVersion "1"]
[SourceVersionDate "2023.12.20"]
[SourceQuality "1"]

1. d4 Nf6 2. c4 g6 3. f3 Bg7 4. e4 d6 5. Ne2 0-0 6. Be3 c5 7. d5 e6 8. Nbc3 exd5 9. cxd5 Nbd7 10. Ng3 h5 11. Be2 h4 12. Nf1 Nh7 13. Nd2 g5 14. g3 h3 15. Nc4 Nb6 16. Qd2 Nxc4 17. Bxc4 g4 18. 0-0 gxf3 19. Rxf3 Qe7 20. Raf1 Bd7 21. g4 Bxg4 22. Rg3 Bh5 23. Ne2 Bxe2 24. Bh6 Bh5 25. Bxg7 Bg6 26. Qh6 b5 27. Bc3 f6 28. Rxg6+ Kh8 29. Rfxf6 1-0

[Event "GER-ch Rapid 49th"]
[Site "Dinkelsbuehl"]
[Date "2023.11.11"]
[Round "4"]
[White "Fridman, Daniel"]
[Black "Langheinrich, Ferenc"]
[Result "1-0"]
[WhiteElo "2579"]
[BlackElo "2352"]
[PlyCount "83"]
[EventDate "2023.11.11"]
[EventType "swiss (rapid)"]
[EventRounds "9"]
[EventCountry "GER"]
[SourceTitle "CB46_2023"]
[SourceDate "2023.11.15"]
[SourceVersion "1"]
[SourceVersionDate "2023.11.15"]
[SourceQuality "1"]

1. d4 Nf6 2. Nf3 g6 3. g3 Bg7 4. Bg2 0-0 5. c4 d6 6. Nc3 Bf5 7. Nh4 Bc8 8. 0-0 c6 9. e4 e5 10. Nf3 Nbd7 11. h3 exd4 12. Nxd4 Nc5 13. Bf4 Re8 14. Re1 Nh5 15. Be3 Nf6 16. Qc2 a5 17. Rad1 Qc7 18. Nb3 Nxb3 19. axb3 Nd7 20. f4 Nc5 21. e5 Bf5 22. Qe2 Bf8 23. Bxc5 dxc5 24. g4 Be6 25. Ne4 Be7 26. Qf2 Rad8 27. f5 Bc8 28. e6 fxe6 29. f6 Bf8 30. f7+ Qxf7 31. Nf6+ Kg7 32. Nxe8+ Rxe8 33. Qd2 Qf6 34. Qxa5 Qf4 35. Re4 Qg3 36. Rd8 Rxd8 37. Qxd8 Qb8 38. Rxe6 Qa8 39. Re1 Qb8 40. Rd1 b5 41. Rd7+ Kg8 42. Rc7 1-0

[Event "GER-ch Rapid 49th"]
[Site "Dinkelsbuehl"]
[Date "2023.11.11"]
[Round "1"]
[White "Khachatryan, Taron"]
[Black "Langheinrich, Ferenc"]
[Result "0-1"]
[WhiteElo "2154"]
[BlackElo "2352"]
[PlyCount "74"]
[EventDate "2023.11.11"]
[EventType "swiss (rapid)"]
[EventRounds "9"]
[EventCountry "GER"]
[SourceTitle "CB46_2023"]
[SourceDate "2023.11.15"]
[SourceVersion "1"]
[SourceVersionDate "2023.11.15"]
[SourceQuality "1"]

1. c4 Nf6 2. Nc3 g6 3. g3 Bg7 4. Bg2 0-0 5. d3 c5 6. Rb1 e6 7. e4 d5 8. cxd5 exd5 9. exd5 Nbd7 10. Nge2 Nb6 11. Bg5 h6 12. Bxf6 Bxf6 13. 0-0 Bg7 14. d4 c4 15. b3 Bf5 16. Rb2 Qd7 17. bxc4 Nxc4 18. Rb4 Rac8 19. Ne4 b6 20. Nc5 bxc5 21. Rxc4 Qb5 22. Rxc5 Rxc5 23. dxc5 Qxc5 24. Nf4 Rb8 25. Qa4 Bd4 26. Qc6 Rb2 27. Qxc5 Bxc5 28. g4 Bc2 29. h4 Rxa2 30. g5 hxg5 31. hxg5 a5 32. Rc1 Ba3 33. Re1 Kf8 34. Re2 Ra1+ 35. Kh2 Bf5 36. Kg3 Bd6 37. Be4 Rg1+ 0-1

[Event "Nordhausen op 13th"]
[Site "Nordhausen"]
[Date "2023.08.05"]
[Round "6"]
[White "Lippert, Daniel"]
[Black "Langheinrich, Ferenc"]
[Result "0-1"]
[WhiteElo "2025"]
[BlackElo "2366"]
[PlyCount "138"]
[EventDate "2023.08.03"]
[EventType "swiss"]
[EventRounds "7"]
[EventCountry "GER"]
[SourceTitle "CBM 215 Extra"]
[Source "ChessBase"]
[SourceDate "2023.09.30"]
[SourceVersion "1"]
[SourceVersionDate "2023.09.30"]
[SourceQuality "1"]

1. e4 c6 2. d4 d5 3. e5 Bf5 4. h4 h5 5. Bd3 Bxd3 6. Qxd3 e6 7. Nf3 Qa5+ 8. Nbd2 Qa6 9. c4 Nh6 10. b3 Nf5 11. a4 c5 12. dxc5 Bxc5 13. Ba3 Bxa3 14. Rxa3 Nc6 15. 0-0 Rd8 16. Qc3 d4 17. Qc1 Qa5 18. Qe1 Qb4 19. Ra1 0-0 20. Rb1 a5 21. g3 d3 22. Ne4 Qxe1 23. Rfxe1 Nfd4 24. Nxd4 Rxd4 25. Nd2 Rfd8 26. Rbd1 Kf8 27. Nb1 Ke7 28. Rd2 f6 29. f4 fxe5 30. fxe5 Rg4 31. Re3 g5 32. hxg5 Rxg5 33. Rexd3 Rxd3 34. Rxd3 Nxe5 35. Re3 h4 36. Kg2 Rxg3+ 37. Rxg3 hxg3 38. Nc3 Nd3 39. Ne4 Nc1 40. Kxg3 Nxb3 41. Kf4 Kd7 42. Ke5 Kc6 43. Kf6 Nc5 44. Nc3 Nd3 45. Kxe6 Nb2 46. Ke5 Nxc4+ 47. Ke4 Nb2 48. Kd4 b6 49. Ke3 Kc5 50. Kd2 Kc4 51. Kc2 Nd3 52. Ne4 Kd4 53. Nc3 Nc5 54. Kb2 Kd3 55. Nd5 Nxa4+ 56. Ka3 b5 57. Ne7 Kc3 58. Nd5+ Kc4 59. Ne3+ Kc5 60. Kb3 Nb6 61. Nd1 a4+ 62. Ka2 b4 63. Nb2 Kb5 64. Nd3 Kc4 65. Nb2+ Kc3 66. Nd1+ Kd2 67. Nb2 Kc2 68. Ka1 a3 69. Ka2 Kd2 0-1

[Event "Nordhausen op 13th"]
[Site "Nordhausen"]
[Date "2023.08.03"]
[Round "1"]
[White "Ferderer, Albert"]
[Black "Langheinrich, Ferenc"]
[Result "0-1"]
[WhiteElo "1486"]
[BlackElo "2366"]
[PlyCount "54"]
[EventDate "2023.08.03"]
[EventType "swiss"]
[EventRounds "7"]
[EventCountry "GER"]
[SourceTitle "CBM 215 Extra"]
[Source "ChessBase"]
[SourceDate "2023.09.30"]
[SourceVersion "1"]
[SourceVersionDate "2023.09.30"]
[SourceQuality "1"]

1. e4 c6 2. d4 d5 3. exd5 cxd5 4. Nf3 Nc6 5. Bb5 Bd7 6. 0-0 e6 7. Bf4 Nge7 8. Nbd2 Ng6 9. Bg3 Be7 10. c3 0-0 11. Qc2 f5 12. Bxc6 bxc6 13. Be5 c5 14. Rfe1 Rc8 15. dxc5 Bxc5 16. Bd4 Bxd4 17. Nxd4 e5 18. N4f3 e4 19. Nd4 Qf6 20. Qb3 Qf7 21. Rac1 Nf4 22. Nf1 Nd3 23. Ne3 Nxe1 24. Rxe1 Rb8 25. Qxd5 Qxd5 26. Nxd5 Rxb2 27. Ne7+ Kh8 0-1

[Event "Warsaw Najdorf Memorial op-A"]
[Site "Warsaw"]
[Date "2023.07.14"]
[Round "4"]
[White "Langheinrich, Ferenc"]
[Black "Kazakouski, Valery"]
[Result "0-1"]
[WhiteElo "2385"]
[BlackElo "2539"]
[PlyCount "118"]
[EventDate "2023.07.11"]
[EventType "swiss"]
[EventRounds "9"]
[EventCountry "POL"]
[SourceTitle "EXT 2024"]
[Source "ChessBase"]
[SourceDate "2023.10.10"]
[SourceVersion "1"]
[SourceVersionDate "2023.10.10"]
[SourceQuality "1"]

1. e4 c5 2. c3 d5 3. exd5 Qxd5 4. d4 Nf6 5. Nf3 a6 6. dxc5 Qxc5 7. Be2 g6 8. Nbd2 Nbd7 9. a4 b6 10. a5 b5 11. c4 bxc4 12. Nxc4 Bg7 13. Be3 Qb4+ 14. Bd2 Qb8 15. Bc3 Bb7 16. Rc1 0-0 17. 0-0 Qf4 18. Qd4 Qxd4 19. Bxd4 Nd5 20. Bxg7 Kxg7 21. g3 Rfc8 22. Nfe5 Nxe5 23. Nxe5 Nb4 24. Nc4 Kf6 25. f3 Rc5 26. Rcd1 Bc6 27. Nb6 Ra7 28. Rd4 Rc2 29. Bc4 e5 30. Rd6+ Kg7 31. Rf2 Rc1+ 32. Rf1 Rxf1+ 33. Kxf1 Bxf3 34. Kf2 Be4 35. Rd7 Rb7 36. Ke3 Bc6 37. Rd6 Rc7 38. Kd2 Bb5 39. b3 Bxc4 40. Nxc4 Nc6 41. Rd5 Rb7 42. Rd6 Rc7 43. Rd5 Nd4 44. Kc3 f6 45. b4 Kf7 46. Rd8 Ne2+ 47. Kb3 Nc1+ 48. Kc3 e4 49. Kd4 Ne2+ 50. Kd5 Nc3+ 51. Kd4 Nb5+ 52. Kd5 f5 53. g4 Nc3+ 54. Kd4 Ne2+ 55. Ke3 Rxc4 56. Kxe2 Rxb4 57. gxf5 gxf5 58. Ke3 Rb3+ 59. Kf4 Rf3+ 0-1

[Event "Davos op"]
[Site "Davos"]
[Date "2023.06.30"]
[Round "1"]
[White "Langheinrich, Ferenc"]
[Black "Cassens, Heiko"]
[Result "1-0"]
[WhiteElo "2379"]
[BlackElo "1768"]
[PlyCount "93"]
[EventDate "2023.06.30"]
[EventType "swiss"]
[EventRounds "5"]
[EventCountry "SUI"]
[SourceTitle "EXT 2024"]
[Source "ChessBase"]
[SourceDate "2023.10.10"]
[SourceVersion "1"]
[SourceVersionDate "2023.10.10"]
[SourceQuality "1"]

1. e4 e5 2. Nf3 Nc6 3. Bb5 f5 4. d3 fxe4 5. dxe4 Nf6 6. Bg5 Bb4+ 7. c3 Bc5 8. Qe2 d6 9. Nbd2 Be6 10. Bc4 Qe7 11. a4 a6 12. b4 Bb6 13. a5 Ba7 14. Bxe6 Qxe6 15. b5 Ne7 16. bxa6 bxa6 17. Bxf6 gxf6 18. 0-0 0-0 19. Kh1 d5 20. exd5 Nxd5 21. Nd4 Qd7 22. N4b3 Kh8 23. Qxa6 Nf4 24. Qc4 Rg8 25. g3 Nh3 26. Ne4 Qf5 27. f3 Qg6 28. Qe6 f5 29. Qxe5+ Rg7 30. Nec5 Re8 31. Qd4 f4 32. Rae1 fxg3 33. hxg3 Ng5 34. Rxe8+ Qxe8 35. Kg2 Qh5 36. Qd8+ Rg8 37. Qf6+ Rg7 38. Qf8+ Rg8 39. Qf5 Re8 40. Re1 h6 41. Rxe8+ Qxe8 42. Nd4 Bxc5 43. Qxc5 Qe3 44. Qf8+ Kh7 45. Qf5+ Kg7 46. Qxg5+ hxg5 47. Nf5+ 1-0

[Event "Titled Tuesday intern op 02nd May Early"]
[Site "Chess.com INT"]
[Date "2023.05.02"]
[Round "6"]
[White "Langheinrich, Ferenc"]
[Black "Bouget, Alexandre"]
[Result "1/2-1/2"]
[WhiteElo "2371"]
[BlackElo "2267"]
[PlyCount "99"]
[EventDate "2023.05.02"]
[EventType "swiss (blitz)"]
[EventRounds "11"]
[EventCountry "USA"]
[SourceTitle "EXT 2024"]
[Source "ChessBase"]
[SourceDate "2023.10.10"]
[SourceVersion "1"]
[SourceVersionDate "2023.10.10"]
[SourceQuality "1"]

1. e4 c6 2. Nf3 Na6 3. d4 Nc7 4. c4 d6 5. Nc3 g6 6. h4 Bg4 7. Be2 Bg7 8. Be3 e5 9. d5 c5 10. Nd2 Bxe2 11. Qxe2 Ne7 12. h5 f5 13. f3 f4 14. Bf2 g5 15. g4 fxg3 16. Bxg3 h6 17. Nf1 Qd7 18. Ne3 0-0 19. a4 b6 20. Kd2 a6 21. Kc2 Rab8 22. b3 b5 23. axb5 axb5 24. Ra7 Nc8 25. Ra5 b4 26. Nb1 Ne7 27. Nd2 Ra8 28. Rha1 Rxa5 29. Rxa5 Qh3 30. Ra7 Rc8 31. Qh2 Qxh2 32. Bxh2 Bf8 33. Ndf1 Kf7 34. Ng3 Ke8 35. Nef5 Nxf5 36. exf5 Kd7 37. Ne4 Ra8 38. Rxa8 Nxa8 39. Kd3 Nc7 40. Nf6+ Ke7 41. Ng4 Ne8 42. Ke4 Nf6+ 43. Nxf6 Kxf6 44. Bg3 Be7 45. Bf2 Bf8 46. Be3 Be7 47. Bd2 Bf8 48. Be3 Be7 49. Bd2 Bf8 50. Be3 1/2-1/2

[Event "Titled Tuesday intern op 02nd May Early"]
[Site "Chess.com INT"]
[Date "2023.05.02"]
[Round "3"]
[White "Toktomushev, Teimur"]
[Black "Langheinrich, Ferenc"]
[Result "0-1"]
[WhiteElo "2239"]
[BlackElo "2371"]
[PlyCount "68"]
[EventDate "2023.05.02"]
[EventType "swiss (blitz)"]
[EventRounds "11"]
[EventCountry "USA"]
[SourceTitle "EXT 2024"]
[Source "ChessBase"]
[SourceDate "2023.10.10"]
[SourceVersion "1"]
[SourceVersionDate "2023.10.10"]
[SourceQuality "1"]

1. d4 Nf6 2. c4 e6 3. Nf3 a6 4. Nc3 d5 5. cxd5 exd5 6. Bg5 Be7 7. e3 0-0 8. Bd3 Re8 9. Qc2 Nbd7 10. 0-0 h6 11. Bh4 Nf8 12. Ne5 c5 13. Rad1 Be6 14. f4 cxd4 15. exd4 Rc8 16. f5 Bd7 17. Qf2 N8h7 18. Bg3 b5 19. Rfe1 b4 20. Ne2 Bb5 21. Bxb5 axb5 22. Nf4 Ne4 23. Qf3 Nhf6 24. Bh4 Rc2 25. Bxf6 Bxf6 26. Nxd5 Qxd5 27. Qxe4 Qxe4 28. Rxe4 Rxb2 29. Rde1 Rxa2 30. Nd3 Rxe4 31. Rxe4 b3 32. Re1 Bxd4+ 33. Kf1 b2 34. Ke2 Ra1 0-1

[Event "Titled Tuesday intern op 02nd May Early"]
[Site "Chess.com INT"]
[Date "2023.05.02"]
[Round "7"]
[White "Valle Luis, Leo"]
[Black "Langheinrich, Ferenc"]
[Result "0-1"]
[WhiteElo "2354"]
[BlackElo "2371"]
[PlyCount "107"]
[EventDate "2023.05.02"]
[EventType "swiss (blitz)"]
[EventRounds "11"]
[EventCountry "USA"]
[SourceTitle "EXT 2024"]
[Source "ChessBase"]
[SourceDate "2023.10.10"]
[SourceVersion "1"]
[SourceVersionDate "2023.10.10"]
[SourceQuality "1"]

1. e4 e6 2. d4 d5 3. e5 b6 4. c3 Qd7 5. f4 Ba6 6. Nf3 Bxf1 7. Rxf1 c5 8. Qc2 Nc6 9. f5 exf5 10. Kf2 Rc8 11. Qd3 cxd4 12. cxd4 Nb4 13. Qd1 Nc2 14. Nc3 Nxa1 15. Bf4 h6 16. h4 Ne7 17. h5 g5 18. hxg6 Nxg6 19. Bh2 f4 20. Qxa1 Be7 21. Qc1 b5 22. a3 a5 23. Qd2 b4 24. axb4 axb4 25. Ne2 b3 26. Qd3 Rc2 27. Qxb3 Qc6 28. Ne1 Bh4+ 29. Kf3 Bxe1 30. Rxe1 0-0 31. Bxf4 Rc8 32. Bg3 Qe6 33. Kf2 Qg4 34. Qf3 Qxf3+ 35. gxf3 Rxb2 36. f4 Ne7 37. Kf3 Nf5 38. Kg4 Ne3+ 39. Kf3 Rb3 40. Nc1 Ra3 41. Rxe3 Rxe3+ 42. Kxe3 Rxc1 43. f5 Kf8 44. Bf4 h5 45. Kf3 Rd1 46. Be3 Ke7 47. Bg5+ Kd7 48. Be3 h4 49. Ke2 h3 50. Bf4 Rxd4 51. Bh2 Rg4 52. Kf3 Rg2 53. Bf4 d4 54. Ke4 0-1

[Event "Titled Tuesday intern op 25th Apr Early"]
[Site "Chess.com INT"]
[Date "2023.04.25"]
[Round "5"]
[White "Bryakin, Mikhail"]
[Black "Langheinrich, Ferenc"]
[Result "1/2-1/2"]
[WhiteElo "2469"]
[BlackElo "2385"]
[PlyCount "25"]
[EventDate "2023.04.25"]
[EventType "swiss (blitz)"]
[EventRounds "11"]
[EventCountry "USA"]
[SourceTitle "EXT 2024"]
[Source "ChessBase"]
[SourceDate "2023.10.10"]
[SourceVersion "1"]
[SourceVersionDate "2023.10.10"]
[SourceQuality "1"]

1. Nf3 Nf6 2. g3 g6 3. Bg2 Bg7 4. 0-0 0-0 5. d3 d6 6. e4 e5 7. Nbd2 Nc6 8. Re1 Re8 9. b3 b6 10. Bb2 Bb7 11. h3 h6 12. a4 Nh7 13. Nc4 1/2-1/2

[Event "Titled Tuesday intern op 25th Apr Early"]
[Site "Chess.com INT"]
[Date "2023.04.25"]
[Round "8"]
[White "Langheinrich, Ferenc"]
[Black "Santos Flores, Alberto Javier"]
[Result "0-1"]
[WhiteElo "2385"]
[BlackElo "2164"]
[PlyCount "116"]
[EventDate "2023.04.25"]
[EventType "swiss (blitz)"]
[EventRounds "11"]
[EventCountry "USA"]
[SourceTitle "EXT 2024"]
[Source "ChessBase"]
[SourceDate "2023.10.10"]
[SourceVersion "1"]
[SourceVersionDate "2023.10.10"]
[SourceQuality "1"]

1. e4 c5 2. Nf3 Nc6 3. Bb5 g6 4. Bxc6 dxc6 5. 0-0 Bg4 6. h3 Bxf3 7. Qxf3 Bg7 8. d3 e5 9. a4 a5 10. Na3 Qc7 11. Nc4 Nf6 12. Qe2 Nh5 13. g3 0-0 14. Kg2 b6 15. Bd2 Rae8 16. Rae1 h6 17. b3 Kh7 18. Qd1 Qd8 19. Qg4 Nf6 20. Qd1 Nh5 21. f4 exf4 22. gxf4 Bd4 23. f5 Qh4 24. Qg4 Qd8 25. e5 b5 26. Nd6 Rxe5 27. Rxe5 Bxe5 28. Ne4 Ng7 29. f6 Nh5 30. Rf5 gxf5 31. Qxf5+ Kh8 32. Qxh5 Rg8+ 33. Kf3 Rg6 34. Bxh6 Kg8 35. Bg7 Rxg7 36. fxg7 Kxg7 37. Qf5 Qd5 38. h4 bxa4 39. bxa4 c4 40. dxc4 Qd1+ 41. Kg2 Qxc2+ 42. Kh3 Qd3+ 43. Kg4 Qe2+ 44. Kh3 Qd3+ 45. Kg4 Qe2+ 46. Qf3 Qxc4 47. Kh3 Qe6+ 48. Kg2 Qd5 49. h5 Bc7 50. Qg4+ Kh8 51. Qc8+ Kg7 52. Qg4+ Kh8 53. Qc8+ Kh7 54. Qxc7 Qxe4+ 55. Kf2 Qf5+ 56. Kg2 Qxh5 57. Kf2 Qf5+ 58. Ke2 Qe6+ 0-1

[Event "Basel Easter op"]
[Site "Basel"]
[Date "2023.04.07"]
[Round "3"]
[White "Rohrer, Christophe"]
[Black "Langheinrich, Ferenc"]
[Result "1-0"]
[WhiteElo "2283"]
[BlackElo "2385"]
[PlyCount "89"]
[EventDate "2023.04.06"]
[EventType "swiss"]
[EventRounds "9"]
[EventCountry "SUI"]
[SourceTitle "CBM 213 Extra"]
[Source "ChessBase"]
[SourceDate "2023.05.31"]
[SourceVersion "1"]
[SourceVersionDate "2023.05.31"]
[SourceQuality "1"]

1. e4 g6 2. d4 Bg7 3. Nc3 d6 4. f4 Nc6 5. Nf3 Bg4 6. Be3 Bxf3 7. gxf3 e6 8. d5 exd5 9. Nxd5 Nf6 10. c3 Nxd5 11. exd5 Ne7 12. Bd4 Nf5 13. Bb5+ Kf8 14. Bf2 Qe7+ 15. Qe2 Qxe2+ 16. Kxe2 Ne7 17. Rad1 Bf6 18. Rhe1 Kg7 19. Kf1 h5 20. Re4 h4 21. Rc4 Rh5 22. Rxc7 Nxd5 23. Rxb7 Nxf4 24. Rxd6 Rd8 25. Rxd8 Bxd8 26. Bc4 Rf5 27. Rb5 Rxb5 28. Bxb5 a5 29. Be3 Bc7 30. Bc4 g5 31. b4 f5 32. b5 g4 33. fxg4 fxg4 34. Ba7 h3 35. Kg1 Bd6 36. Bf1 Kf6 37. c4 Ne6 38. Be2 Kf5 39. Bf2 Bc5 40. b6 Nd4 41. Bd3+ Kf4 42. b7 Nf3+ 43. Kh1 Bxf2 44. b8Q+ Ke3 45. Bf5 1-0

[Event "Titled Tuesday intern op 04th Apr Early"]
[Site "Chess.com INT"]
[Date "2023.04.04"]
[Round "2"]
[White "Langheinrich, Ferenc"]
[Black "Lobanov, Sergei"]
[Result "1-0"]
[WhiteElo "2385"]
[BlackElo "2536"]
[PlyCount "72"]
[EventDate "2023.04.04"]
[EventType "swiss (blitz)"]
[EventRounds "11"]
[EventCountry "USA"]
[SourceTitle "EXT 2024"]
[Source "ChessBase"]
[SourceDate "2023.10.10"]
[SourceVersion "1"]
[SourceVersionDate "2023.10.10"]
[SourceQuality "1"]

1. e4 e5 2. Nf3 Nc6 3. Bb5 a6 4. Ba4 d6 5. c3 Bd7 6. d4 Nge7 7. d5 Nb8 8. Bxd7+ Qxd7 9. c4 Ng6 10. Nc3 Be7 11. g3 0-0 12. h4 f5 13. Bg5 fxe4 14. Nxe4 Qf5 15. Nfd2 Nd7 16. Qe2 b5 17. cxb5 axb5 18. Qxb5 Rab8 19. Qc4 Rxb2 20. Bxe7 Nxe7 21. 0-0 Rc8 22. a4 Nb6 23. Qc3 Rxd2 24. Nxd2 Nbxd5 25. Qc4 Kh8 26. a5 Nf4 27. Qe4 Qg4 28. Qf3 Qg6 29. a6 d5 30. a7 Ra8 31. Kh2 Nd3 32. Rfb1 Nc6 33. Qxd5 h6 34. Ra6 Qf5 35. Rxc6 Nxf2 36. Rc4 Ng4+ 1-0